[Event "55th Rubinstein Memorial-A 2019"]
[Site "Polanica-Zdroj"]
[Date "2019.08.22"]
[Round "6.21"]
[White "Stachecki, Mikolaj"]
[Black "Betkowski, Andrzej"]
[Result "1/2-1/2"]
[WhiteElo "1765"]
[BlackElo "2023"]
[Annotator "NA"]
[PlyCount "70"]
[EventDate "2019.08.17"]
[EventType "swiss"]
[EventCountry "POL"]
[SourceTitle "playchess.com"]
[Source "ChessBase"]
[SourceQuality "1"]
[TimeControl "40/5400+30:1800+30"]

1. e4 {[%emt 0:00:00]} e6 {[%emt 0:00:00]} 2. d4 {[%emt 0:00:00]} d5 {[%emt 0:00:00]} 3. e5 {[%emt 0:00:00]} c5 {[%emt 0:00:00]} 4. c3 {[%emt 0:00:00]} Nc6 {[%emt 0:00:11]} 5. Nf3 {[%emt 0:00:01]} Bd7 {[%emt 0:00:14]} 6. a3 {[%emt 0:00:05]} f6 {[%emt 0:00:22]} 7. Bd3 {[%emt 0:00:08]} Qc7 {[%emt 0:00:32]} 8. O-O {[%emt 0:00:13]} O-O-O {[%emt 0:01:51]} 9. Re1 {[%emt 0:00:12]} c4 {[%emt 0:04:36]} 10. Bc2 {[%emt 0:02:38]} h6 {[%emt 0:09:52]} 11. b3 {[%emt 0:21:14]} fxe5 {[%emt 0:08:06]} 12. Nxe5 {[%emt 0:01:03]} Nxe5 {[%emt 0:00:44]} 13. dxe5 cxb3 {[%emt 0:08:09]} 14. Bxb3 {[%emt 0:00:14]} Bc5 {[%emt 0:02:26]} 15. Be3 {[%emt 0:05:48]} Ne7 {[%emt 0:05:46]} 16. Bd4 Nf5 {[%emt 0:04:31]} 17. Bc2 {[%emt 0:10:57]} Rhf8 {[%emt 0:05:09]} 18. a4 Kb8 19. Bxf5 Rxf5 {[%emt 0:05:46]} 20. Nd2 {[%emt 0:19:47]} Rdf8 21. f3 {[%emt 0:06:06]} a6 {[%emt 0:12:06]} 22. Nb3 {[%emt 0:01:57]} Ba7 {[%emt 0:00:39]} 23. Rb1 {[%emt 0:02:50]} Qxc3 {[%emt 0:03:54]} 24. Rc1 {[%emt 0:04:24]} Qb4 {[%emt 0:01:27]} 25. Nc5 {[%emt 0:00:19]} Bxa4 {[%emt 0:03:22]} 26. Qd3 {[%emt 0:19:00]} Bb5 {[%emt 0:04:03]} 27. Qe3 {[%emt 0:00:11]} Re8 {[%emt 0:10:43]} 28. Nxa6+ {[%emt 0:00:48]} Bxa6 {[%emt 0:00:19]} 29. Bxa7+ {[%emt 0:00:06]} Ka8 {[%emt 0:00:03]} 30. Ra1 {[%emt 0:00:53]} Rc8 {[%emt 0:02:01]} 31. Reb1 {[%emt 0:01:42]} Qc3 {[%emt 0:01:54]} 32. Qb6 {[%emt 0:00:16]} Qc6 {[%emt 0:01:29]} 33. Qe3 {[%emt 0:00:34]} Qc3 {[%emt 0:01:55]} 34. Qb6 {[%emt 0:00:05]} Qc6 {[%emt 0:00:04]} 35. Qe3 Rff8 1/2-1/2

[Event "55th Rubinstein Memorial-A 2019"]
[Site "Polanica-Zdroj"]
[Date "2019.08.22"]
[Round "6.22"]
[White "Wysocki, Mateusz"]
[Black "Siekanski, Janusz"]
[Result "1/2-1/2"]
[WhiteElo "1786"]
[BlackElo "2263"]
[Annotator "NA"]
[PlyCount "69"]
[EventDate "2019.08.17"]
[EventType "swiss"]
[EventCountry "POL"]
[SourceTitle "playchess.com"]
[Source "ChessBase"]
[SourceQuality "1"]
[TimeControl "40/5400+30:1800+30"]

1. e4 {[%emt 0:00:00]} c5 {[%emt 0:00:00]} 2. Nf3 {[%emt 0:00:00]} e6 {[%emt 0:00:00]} 3. d4 {[%emt 0:00:10]} cxd4 {[%emt 0:00:00]} 4. Nxd4 {[%emt 0:00:08]} Nf6 {[%emt 0:00:01]} 5. Nc3 {[%emt 0:00:38]} d6 {[%emt 0:00:12]} 6. g4 {[%emt 0:00:23]} Nc6 {[%emt 0:00:13]} 7. g5 {[%emt 0:00:24]} Nd7 {[%emt 0:00:09]} 8. Be3 {[%emt 0:00:13]} Be7 {[%emt 0:00:11]} 9. h4 {[%emt 0:00:06]} O-O {[%emt 0:00:17]} 10. Qd2 {[%emt 0:00:19]} Nde5 {[%emt 0:00:22]} 11. Be2 {[%emt 0:01:50]} Nxd4 {[%emt 0:00:11]} 12. Bxd4 {[%emt 0:06:40]} Nc6 {[%emt 0:00:19]} 13. Be3 {[%emt 0:00:12]} Qa5 {[%emt 0:00:33]} 14. f4 {[%emt 0:12:42]} Rd8 {[%emt 0:04:27]} 15. Bf3 {[%emt 0:06:00]} d5 {[%emt 0:12:32]} 16. exd5 {[%emt 0:08:46]} Bb4 {[%emt 0:03:41]} 17. O-O {[%emt 0:05:20]} exd5 {[%emt 0:02:43]} 18. a3 {[%emt 0:00:08]} Bxc3 {[%emt 0:12:32]} 19. Qxc3 Qxc3 {[%emt 0:19:43]} 20. bxc3 {[%emt 0:01:17]} Bf5 {[%emt 0:00:29]} 21. Rad1 {[%emt 0:03:09]} Be4 {[%emt 0:00:49]} 22. Kf2 b6 23. Bxe4 {[%emt 0:11:44]} dxe4 {[%emt 0:03:14]} 24. c4 {[%emt 0:00:56]} f5 {[%emt 0:02:37]} 25. gxf6 {[%emt 0:00:29]} gxf6 {[%emt 0:00:12]} 26. c5 {[%emt 0:00:22]} bxc5 {[%emt 0:01:14]} 27. Bxc5 {[%emt 0:00:14]} Kf7 28. f5 {[%emt 0:05:57]} Ne5 {[%emt 0:07:37]} 29. Rxd8 {[%emt 0:06:46]} Rxd8 {[%emt 0:00:11]} 30. Re1 {[%emt 0:09:15]} Rc8 {[%emt 0:10:37]} 31. Bxa7 {[%emt 0:00:59]} Rxc2+ {[%emt 0:01:23]} 32. Kg3 {[%emt 0:04:30]} Rc3+ {[%emt 0:02:03]} 33. Re3 {[%emt 0:00:06]} Nd3 {[%emt 0:01:03]} 34. a4 {[%emt 0:03:08]} Ra3 {[%emt 0:00:35]} 35. Bd4 {[%emt 0:02:41]} 1/2-1/2

[Event "55th Rubinstein Memorial-A 2019"]
[Site "Polanica-Zdroj"]
[Date "2019.08.22"]
[Round "6.23"]
[White "Galuszka, Kamil"]
[Black "Oleksy, Krzysztof"]
[Result "0-1"]
[WhiteElo "2058"]
[BlackElo "1840"]
[Annotator "NA"]
[PlyCount "146"]
[EventDate "2019.08.17"]
[EventType "swiss"]
[EventCountry "POL"]
[SourceTitle "playchess.com"]
[Source "ChessBase"]
[SourceQuality "1"]
[TimeControl "40/5400+30:1800+30"]

1. e4 c5 2. Qe2 Nc6 3. Nf3 g6 4. g3 Bg7 5. Bg2 d6 6. c3 e6 7. O-O Nge7 8. Rd1 Qc7 9. Na3 a6 10. Nc2 O-O 11. d4 e5 12. Be3 b6 13. Rd2 Bb7 14. d5 Nb8 15. Nh4 Nd7 16. Rf1 f5 17. Bg5 Nf6 18. f4 Nxe4 19. Bxe4 fxe4 20. Qxe4 Rae8 21. Bxe7 Rxe7 22. f5 Ref7 23. Rdf2 g5 24. Ng2 c4 25. Nce3 b5 26. h4 gxh4 27. Nxh4 Qe7 28. Ng4 Qg5 29. f6 Bxf6 30. Rf5 Qg7 31. Qf3 Bg5 32. Rxf7 Qxf7 33. Qxf7+ Rxf7 34. Nf5 Kf8 35. Nxd6 Rxf1+ 36. Kxf1 Bxd5 37. Ke2 Ke7 38. Nf5+ Ke6 39. Nge3 Bxe3 40. Nxe3 Bb7 41. Kd2 Kd6 42. Kc1 Be4 43. Kd2 Bb1 44. a3 Bg6 45. Ke1 h5 46. Kd2 Kc5 47. Kc1 Kb6 48. Nd5+ Kc5 49. Ne3 Be4 50. Kd2 Kb6 51. Kc1 Ka5 52. Kd2 Ka4 53. Kc1 Kb3 54. Nf1 Bd3 55. Ne3 a5 56. Nd5 e4 57. Ne3 b4 58. axb4 axb4 59. cxb4 Kxb4 60. Kd2 Kb3 61. Nd1 Bf1 62. Nc3 Bg2 63. Nd1 Bf3 64. Ne3 Bg4 65. Ke1 Bf3 66. Kd2 Kb4 67. Kc2 Be2 68. Kd2 Bd3 69. Nd1 Kb3 70. Kc1 Be2 71. Nc3 Bf3 72. Nb5 e3 73. Nc3 e2 0-1

[Event "55th Rubinstein Memorial-A 2019"]
[Site "Polanica-Zdroj"]
[Date "2019.08.22"]
[Round "6.24"]
[White "Zabrzanska, Weronika"]
[Black "Jankowiak, Piotr"]
[Result "0-1"]
[WhiteElo "1770"]
[BlackElo "2033"]
[Annotator "NA"]
[PlyCount "108"]
[EventDate "2019.08.17"]
[EventType "swiss"]
[EventCountry "POL"]
[SourceTitle "playchess.com"]
[Source "ChessBase"]
[SourceQuality "1"]
[TimeControl "40/5400+30:1800+30"]

1. e4 {[%emt 0:00:00]} e5 {[%emt 0:00:00]} 2. Nf3 {[%emt 0:00:00]} Nc6 {[%emt 0:00:00]} 3. Bc4 {[%emt 0:00:00]} Bc5 {[%emt 0:00:00]} 4. d3 {[%emt 0:00:26]} Nf6 {[%emt 0:00:30]} 5. c3 {[%emt 0:00:10]} O-O {[%emt 0:00:11]} 6. O-O {[%emt 0:00:16]} d5 {[%emt 0:00:16]} 7. exd5 {[%emt 0:00:43]} Nxd5 {[%emt 0:00:08]} 8. Nbd2 {[%emt 0:06:21]} Bg4 {[%emt 0:04:37]} 9. Ne4 {[%emt 0:04:01]} Be7 {[%emt 0:01:19]} 10. h3 {[%emt 0:01:09]} Bh5 {[%emt 0:06:16]} 11. Ng3 {[%emt 0:05:00]} Bg6 {[%emt 0:04:55]} 12. Re1 {[%emt 0:04:55]} Bf6 {[%emt 0:17:36]} 13. Ne4 {[%emt 0:04:17]} Be7 {[%emt 0:12:13]} 14. Ng3 {[%emt 0:04:56]} Nb6 {[%emt 0:02:06]} 15. Bb5 {[%emt 0:00:41]} f6 {[%emt 0:02:46]} 16. d4 {[%emt 0:07:45]} Be8 {[%emt 0:19:01]} 17. Nf5 {[%emt 0:13:46]} Bd6 18. dxe5 {[%emt 0:10:32]} Nxe5 {[%emt 0:04:21]} 19. Nxd6 {[%emt 0:10:45]} Qxd6 {[%emt 0:00:57]} 20. Qxd6 {[%emt 0:00:43]} Nxf3+ {[%emt 0:00:27]} 21. gxf3 {[%emt 0:00:06]} cxd6 {[%emt 0:00:04]} 22. Bxe8 {[%emt 0:00:33]} Rfxe8 {[%emt 0:00:27]} 23. Bf4 {[%emt 0:00:24]} Nc4 {[%emt 0:02:25]} 24. b3 {[%emt 0:01:35]} Ne5 {[%emt 0:00:11]} 25. Bxe5 {[%emt 0:00:31]} dxe5 {[%emt 0:02:58]} 26. Red1 {[%emt 0:01:45]} Red8 {[%emt 0:00:11]} 27. Kf1 {[%emt 0:00:27]} Kf7 {[%emt 0:00:41]} 28. Ke2 {[%emt 0:00:10]} Ke6 {[%emt 0:00:29]} 29. Ke3 {[%emt 0:00:58]} g5 {[%emt 0:08:03]} 30. c4 {[%emt 0:02:07]} Rac8 {[%emt 0:01:28]} 31. a3 {[%emt 0:02:14]} h5 {[%emt 0:00:50]} 32. Rac1 {[%emt 0:00:51]} a6 {[%emt 0:01:56]} 33. Ke2 {[%emt 0:04:04]} Kf5 {[%emt 0:02:05]} 34. Ke3 {[%emt 0:02:32]} h4 {[%emt 0:01:17]} 35. Rb1 {[%emt 0:03:23]} Rd4 36. Ke2 {[%emt 0:07:09]} Kf4 {[%emt 0:04:06]} 37. Rg1 {[%emt 0:02:05]} Rcd8 {[%emt 0:00:56]} 38. Rg4+ {[%emt 0:00:49]} Kf5 {[%emt 0:00:06]} 39. Rxd4 {[%emt 0:00:32]} exd4 {[%emt 0:02:42]} 40. Rd1 {[%emt 0:00:00]} Re8+ {[%emt 0:00:00]} 41. Kf1 {[%emt 0:01:20]} Rd8 {[%emt 0:10:23]} 42. Rd3 {[%emt 0:00:21]} Ke5 {[%emt 0:00:51]} 43. Ke2 {[%emt 0:02:13]} f5 44. Kf1 {[%emt 0:01:53]} Rc8 {[%emt 0:06:24]} 45. Rd2 {[%emt 0:02:05]} b5 {[%emt 0:01:19]} 46. Re2+ {[%emt 0:01:38]} Kf4 {[%emt 0:00:47]} 47. Rd2 {[%emt 0:00:32]} Rd8 {[%emt 0:09:07]} 48. cxb5 {[%emt 0:02:23]} axb5 {[%emt 0:00:03]} 49. Rd3 {[%emt 0:00:12]} Ke5 {[%emt 0:00:36]} 50. Ke2 {[%emt 0:00:17]} Ra8 {[%emt 0:01:41]} 51. b4 {[%emt 0:00:33]} Kd5 {[%emt 0:00:42]} 52. Kd1 {[%emt 0:02:37]} Kc4 {[%emt 0:00:23]} 53. Kd2 {[%emt 0:04:55]} Re8 {[%emt 0:01:11]} 54. a4 {[%emt 0:00:21]} bxa4 {[%emt 0:00:26]} 0-1

[Event "55th Rubinstein Memorial-A 2019"]
[Site "Polanica-Zdroj"]
[Date "2019.08.22"]
[Round "6.25"]
[White "Derylo, Kamil"]
[Black "Galant, Ireneusz"]
[Result "1-0"]
[WhiteElo "2030"]
[BlackElo "1774"]
[Annotator "NA"]
[PlyCount "127"]
[EventDate "2019.08.17"]
[EventType "swiss"]
[EventCountry "POL"]
[SourceTitle "playchess.com"]
[Source "ChessBase"]
[SourceQuality "1"]
[TimeControl "40/5400+30:1800+30"]

1. e4 {[%emt 0:00:00]} c5 {[%emt 0:00:00]} 2. Nf3 {[%emt 0:00:00]} Nc6 {[%emt 0:00:00]} 3. d4 {[%emt 0:00:19]} cxd4 {[%emt 0:00:00]} 4. Nxd4 {[%emt 0:00:14]} e5 {[%emt 0:00:35]} 5. Nb5 {[%emt 0:02:14]} a6 {[%emt 0:01:32]} 6. Nd6+ {[%emt 0:00:55]} Bxd6 {[%emt 0:00:09]} 7. Qxd6 {[%emt 0:00:19]} Qe7 {[%emt 0:00:52]} 8. Qd3 {[%emt 0:09:13]} Nf6 {[%emt 0:02:52]} 9. c3 {[%emt 0:01:43]} d6 {[%emt 0:02:32]} 10. g3 {[%emt 0:01:34]} h6 {[%emt 0:02:04]} 11. Bg2 {[%emt 0:00:32]} Be6 {[%emt 0:00:19]} 12. Be3 {[%emt 0:03:10]} O-O {[%emt 0:00:33]} 13. O-O {[%emt 0:00:52]} b5 {[%emt 0:06:18]} 14. Nd2 {[%emt 0:06:37]} d5 {[%emt 0:13:43]} 15. exd5 {[%emt 0:08:50]} Nxd5 {[%emt 0:01:05]} 16. a4 {[%emt 0:15:58]} Rab8 17. axb5 {[%emt 0:00:30]} axb5 18. Ra6 Qb7 {[%emt 0:31:57]} 19. Rfa1 {[%emt 0:01:43]} Rfd8 {[%emt 0:00:59]} 20. Qe2 Qd7 {[%emt 0:15:52]} 21. Bc5 {[%emt 0:10:50]} Bg4 {[%emt 0:02:34]} 22. f3 {[%emt 0:00:55]} Bf5 {[%emt 0:02:32]} 23. Ne4 {[%emt 0:01:59]} Nc7 {[%emt 0:02:54]} 24. Rb6 {[%emt 0:03:11]} Ra8 {[%emt 0:00:38]} 25. Re1 {[%emt 0:01:20]} Qd5 {[%emt 0:02:09]} 26. Bf2 {[%emt 0:03:23]} Bxe4 {[%emt 0:03:49]} 27. fxe4 {[%emt 0:03:11]} Qd7 {[%emt 0:00:51]} 28. Qc2 {[%emt 0:01:30]} Na5 {[%emt 0:00:27]} 29. Bf1 {[%emt 0:03:39]} Qd2 {[%emt 0:00:50]} 30. Qxd2 {[%emt 0:01:17]} Rxd2 {[%emt 0:00:06]} 31. b4 {[%emt 0:02:27]} Nb3 {[%emt 0:01:01]} 32. Rb7 {[%emt 0:02:39]} Ne6 {[%emt 0:01:04]} 33. Rb1 {[%emt 0:06:26]} Ra3 {[%emt 0:01:57]} 34. Be1 {[%emt 0:04:08]} Rda2 35. Rd1 {[%emt 0:04:07]} Ng5 {[%emt 0:00:48]} 36. Bg2 {[%emt 0:00:28]} Re2 {[%emt 0:00:56]} 37. h4 {[%emt 0:01:19]} Raa2 {[%emt 0:02:52]} 38. Bh1 {[%emt 0:00:40]} Nh3+ {[%emt 0:00:31]} 39. Kf1 {[%emt 0:00:05]} Rf2+ {[%emt 0:00:06]} 40. Bxf2 {[%emt 0:00:00]} Rxf2+ {[%emt 0:00:00]} 41. Ke1 {[%emt 0:00:08]} Rc2 {[%emt 0:03:10]} 42. Bf3 {[%emt 0:08:40]} Ng1 {[%emt 0:00:39]} 43. Rd8+ {[%emt 0:04:14]} Kh7 {[%emt 0:00:05]} 44. Bg4 {[%emt 0:00:36]} Kg6 {[%emt 0:00:51]} 45. Kf1 {[%emt 0:00:59]} Rc1+ {[%emt 0:04:14]} 46. Rd1 {[%emt 0:01:04]} Rxc3 {[%emt 0:00:09]} 47. Bf5+ {[%emt 0:01:12]} Kh5 {[%emt 0:00:08]} 48. Kxg1 {[%emt 0:00:29]} g6 {[%emt 0:00:10]} 49. Bd7 {[%emt 0:01:21]} Nd4 {[%emt 0:00:15]} 50. Bxb5 {[%emt 0:01:45]} Rxg3+ {[%emt 0:00:29]} 51. Kh2 {[%emt 0:00:56]} Rb3 {[%emt 0:03:58]} 52. Bc4 {[%emt 0:01:31]} Rb2+ {[%emt 0:00:11]} 53. Kg3 {[%emt 0:00:57]} Rc2 {[%emt 0:01:07]} 54. Bd3 {[%emt 0:00:22]} Rb2 {[%emt 0:02:34]} 55. Rxf7 {[%emt 0:01:32]} Rxb4 {[%emt 0:00:10]} 56. Re7 {[%emt 0:00:35]} Rb3 {[%emt 0:02:11]} 57. Rxe5+ {[%emt 0:00:40]} g5 {[%emt 0:00:01]} 58. hxg5 {[%emt 0:00:52]} hxg5 {[%emt 0:00:10]} 59. Rd5 {[%emt 0:00:37]} Ne2+ {[%emt 0:00:07]} 60. Kf2 {[%emt 0:00:53]} Nf4 {[%emt 0:00:04]} 61. Be2+ {[%emt 0:01:02]} Kh4 {[%emt 0:00:20]} 62. Rd8 {[%emt 0:02:13]} Nh3+ {[%emt 0:00:16]} 63. Kf1 {[%emt 0:00:40]} Rb4 {[%emt 0:04:57]} 64. Rh8+ {[%emt 0:00:33]} 1-0

[Event "55th Rubinstein Memorial-A 2019"]
[Site "Polanica-Zdroj"]
[Date "2019.08.22"]
[Round "6.26"]
[White "Luberanski, Jakub"]
[Black "Gromczak, Dariusz"]
[Result "1-0"]
[WhiteElo "1996"]
[BlackElo "1812"]
[Annotator "NA"]
[PlyCount "53"]
[EventDate "2019.08.17"]
[EventType "swiss"]
[EventCountry "POL"]
[SourceTitle "playchess.com"]
[Source "ChessBase"]
[SourceQuality "1"]
[TimeControl "40/5400+30:1800+30"]

1. e4 {[%emt 0:00:00]} g6 {[%emt 0:00:00]} 2. d4 {[%emt 0:00:00]} Bg7 {[%emt 0:00:03]} 3. Nc3 {[%emt 0:00:00]} d6 {[%emt 0:00:15]} 4. f4 {[%emt 0:00:11]} e6 {[%emt 0:03:22]} 5. Nf3 {[%emt 0:01:02]} Ne7 {[%emt 0:00:37]} 6. Bd3 {[%emt 0:02:16]} d5 {[%emt 0:02:37]} 7. e5 {[%emt 0:00:29]} Nd7 {[%emt 0:00:43]} 8. O-O {[%emt 0:01:51]} a6 {[%emt 0:03:44]} 9. Be3 {[%emt 0:05:37]} b6 {[%emt 0:00:39]} 10. Ne2 {[%emt 0:01:37]} c5 {[%emt 0:01:53]} 11. c3 {[%emt 0:00:35]} Bb7 {[%emt 0:03:05]} 12. Rc1 {[%emt 0:03:25]} O-O {[%emt 0:03:43]} 13. Qe1 {[%emt 0:02:46]} f6 {[%emt 0:00:53]} 14. g4 {[%emt 0:07:26]} fxe5 {[%emt 0:02:59]} 15. fxe5 {[%emt 0:01:47]} Rxf3 {[%emt 0:05:38]} 16. Rxf3 {[%emt 0:00:06]} Nxe5 {[%emt 0:02:56]} 17. dxe5 {[%emt 0:01:55]} d4 18. Rh3 {[%emt 0:23:13]} dxe3 {[%emt 0:12:15]} 19. Nf4 {[%emt 0:11:19]} Bxe5 {[%emt 0:06:21]} 20. Qh4 {[%emt 0:04:44]} Bxf4 {[%emt 0:04:21]} 21. Qxh7+ {[%emt 0:00:06]} Kf8 {[%emt 0:00:24]} 22. Rf1 e5 {[%emt 0:02:32]} 23. Qh8+ {[%emt 0:09:38]} Ng8 {[%emt 0:14:38]} 24. Bc4 {[%emt 0:00:49]} Bd5 {[%emt 0:03:02]} 25. Qxe5 {[%emt 0:01:01]} g5 {[%emt 0:03:39]} 26. Qf5+ {[%emt 0:05:47]} Ke8 {[%emt 0:08:15]} 27. Bxd5 {[%emt 0:01:08]} 1-0

[Event "55th Rubinstein Memorial-A 2019"]
[Site "Polanica-Zdroj"]
[Date "2019.08.22"]
[Round "6.27"]
[White "Rosol, Alexander"]
[Black "Wloch, Mikolaj"]
[Result "1/2-1/2"]
[WhiteElo "1968"]
[BlackElo "1771"]
[Annotator "NA"]
[PlyCount "106"]
[EventDate "2019.08.17"]
[EventType "swiss"]
[EventCountry "POL"]
[SourceTitle "playchess.com"]
[Source "ChessBase"]
[SourceQuality "1"]
[TimeControl "40/5400+30:1800+30"]

1. e4 {[%emt 0:00:00]} c5 {[%emt 0:00:00]} 2. Nf3 {[%emt 0:00:00]} d6 {[%emt 0:00:00]} 3. d4 {[%emt 0:00:00]} cxd4 {[%emt 0:00:00]} 4. Nxd4 {[%emt 0:00:00]} Nf6 {[%emt 0:00:00]} 5. Nc3 {[%emt 0:00:06]} g6 {[%emt 0:00:00]} 6. f3 {[%emt 0:00:10]} Bg7 {[%emt 0:00:00]} 7. Be3 {[%emt 0:00:08]} O-O {[%emt 0:00:06]} 8. Qd2 {[%emt 0:00:04]} Nc6 {[%emt 0:00:05]} 9. O-O-O {[%emt 0:00:06]} Nxd4 {[%emt 0:00:21]} 10. Bxd4 {[%emt 0:00:14]} Be6 {[%emt 0:00:04]} 11. Kb1 {[%emt 0:00:48]} Qc7 {[%emt 0:01:53]} 12. g4 {[%emt 0:03:05]} Rfc8 {[%emt 0:01:09]} 13. h4 {[%emt 0:00:28]} Qa5 {[%emt 0:02:15]} 14. a3 {[%emt 0:01:27]} h5 {[%emt 0:03:42]} 15. g5 {[%emt 0:03:24]} Nd7 {[%emt 0:00:47]} 16. Nd5 {[%emt 0:02:06]} Qd8 {[%emt 0:09:00]} 17. Bxg7 {[%emt 0:03:17]} Kxg7 {[%emt 0:00:07]} 18. f4 {[%emt 0:03:15]} Bxd5 {[%emt 0:05:41]} 19. exd5 {[%emt 0:07:57]} Rc5 {[%emt 0:06:13]} 20. Bh3 {[%emt 0:03:47]} Nb6 {[%emt 0:03:31]} 21. Qd4+ {[%emt 0:09:53]} Kg8 {[%emt 0:00:37]} 22. Qe4 {[%emt 0:01:59]} Nc4 23. f5 Qb6 24. b3 Nxa3+ 25. Kb2 Rxc2+ 26. Kxa3 Qc5+ 27. Qb4 Ra2+ 28. Kxa2 Qxb4 29. fxg6 fxg6 30. Be6+ Kh8 31. Rc1 a5 32. Rc4 Qd2+ 33. Kb1 b5 34. Rc2 Qb4 35. Rh3 a4 36. Rhc3 Rf8 37. Rc8 Qxb3+ 38. Ka1 Qa3+ 39. Kb1 Qb4+ 40. Ka2 Qb3+ 41. Ka1 Rxc8 42. Rxc8+ Kg7 43. Rg8+ Kh7 44. Rf8 Qc3+ 45. Ka2 Qc4+ 46. Ka1 Qd4+ 47. Ka2 Qd2+ 48. Ka1 Qe1+ 49. Ka2 Qe2+ 50. Ka1 Qe5+ 51. Ka2 Qh2+ 52. Ka1 Qh1+ 53. Ka2 Qg2+ 1/2-1/2

[Event "55th Rubinstein Memorial-A 2019"]
[Site "Polanica-Zdroj"]
[Date "2019.08.23"]
[Round "7.1"]
[White "Warakomski, Tomasz"]
[Black "Marszalek, Maciej"]
[Result "1-0"]
[WhiteElo "2497"]
[BlackElo "2295"]
[Annotator "ChessBase"]
[PlyCount "69"]
[EventDate "2019.08.17"]
[EventType "swiss"]
[EventCountry "POL"]
[SourceTitle "playchess.com"]
[Source "ChessBase"]
[SourceQuality "1"]
[TimeControl "40/5400+30:1800+30"]

1. e4 {[%emt 0:00:00]} e5 {[%emt 0:00:00]} 2. Nf3 {[%emt 0:00:19]} Nc6 {[%emt 0:00:36]} 3. Bc4 {[%emt 0:00:24]} Bc5 {[%emt 0:00:14]} 4. O-O {[%emt 0:00:23]} Nf6 {[%emt 0:00:55]} 5. d3 {[%emt 0:00:15]} d6 {[%emt 0:00:35]} 6. c3 {[%emt 0:00:24]} a6 {[%emt 0:02:25]} 7. a4 {[%emt 0:03:41]} h6 {[%emt 0:01:00]} 8. Re1 {[%emt 0:00:40]} O-O {[%emt 0:02:56]} 9. Nbd2 {[%emt 0:08:01]} Ba7 {[%emt 0:02:14]} 10. Nf1 Ne7 11. Ng3 {[%emt 0:08:49]} Ng6 {[%emt 0:01:42]} 12. Bb3 {[%emt 0:03:04]} Re8 {[%emt 0:01:18]} 13. h3 {[%emt 0:00:27]} Be6 {[%emt 0:06:21]} 14. d4 {[%emt 0:14:33]} c6 {[%emt 0:05:46]} 15. Be3 {[%emt 0:03:39]} Qc7 {[%emt 0:08:23]} 16. Bc2 {[%emt 0:12:25]} a5 {[%emt 0:01:37]} 17. Qe2 {[%emt 0:02:06]} Bb6 {[%emt 0:03:53]} 18. Rad1 {[%emt 0:00:54]} Rad8 {[%emt 0:00:16]} 19. Qf1 {[%emt 0:04:51]} Bc8 {[%emt 0:01:17]} 20. Bc1 {[%emt 0:03:39]} Qb8 {[%emt 0:01:47]} 21. b3 {[%emt 0:03:39]} Qa7 {[%emt 0:07:37]} 22. Bb2 {[%emt 0:00:04]} Qb8 {[%emt 0:07:48]} 23. Kh1 {[%emt 0:01:05]} Qa7 {[%emt 0:00:44]} 24. c4 {[%emt 0:02:36]} exd4 {[%emt 0:02:00]} 25. Nxd4 {[%emt 0:00:05]} Nf4 {[%emt 0:08:54]} 26. Re3 {[%emt 0:06:10]} Ne6 {[%emt 0:01:49]} 27. Ndf5 {[%emt 0:01:03]} Nh7 {[%emt 0:01:55]} 28. Red3 {[%emt 0:04:38]} Bxf2 {[%emt 0:06:01]} 29. Nh5 {[%emt 0:00:25]} Nhg5 {[%emt 0:04:41]} 30. R3d2 {[%emt 0:03:25]} Be3 {[%emt 0:03:35]} 31. Re2 {[%emt 0:00:04]} Nf4 {[%emt 0:01:27]} 32. Nxf4 {[%emt 0:04:39]} Nxe4 {[%emt 0:03:12]} 33. Bxe4 {[%emt 0:00:22]} Rxe4 {[%emt 0:00:10]} 34. Nxe3 {[%emt 0:00:06]} Rxe3 {[%emt 0:00:07]} 35. Bd4 {[%emt 0:00:05]} 1-0